[Event "Washington State Invitational"]
[Site "Seattle"]
[Date "2008.02.10"]
[Round "3"]
[White "Do, Nhon"]
[Black "Gale, Geoffrey W"]
[Result "1/2-1/2"]
[WhiteElo "2103"]
[BlackElo "2042"]
[PlyCount "98"]
[EventDate "2008.02.09"]
[EventType "tourn"]
[EventRounds "9"]
[EventCountry "USA"]
[SourceTitle "EXT 2017"]
[Source "ChessBase"]
[SourceDate "2016.10.25"]
[SourceVersion "1"]
[SourceVersionDate "2016.10.25"]
[SourceQuality "1"]

1. Nf3 Nf6 2. g3 d5 3. Bg2 c6 4. 0-0 Bf5 5. d4 e6 6. c4 Be7 7. Nc3 0-0 8. Qb3 Qb6 9. Ne5 Qxb3 10. axb3 Bc2 11. Na4 Nbd7 12. Bg5 Bb4 13. Nd3 Be7 14. Ne5 Rfe8 15. Nxd7 Nxd7 16. Bxe7 Rxe7 17. cxd5 exd5 18. Ra3 Rxe2 19. Bh3 f5 20. Rc1 Rae8 21. Raa1 Bxb3 22. Bxf5 Nf6 23. Nc3 Rxb2 24. Rxa7 b5 25. Rb7 g6 26. Bd7 Nxd7 27. Rxd7 b4 28. Ra1 g5 29. Na4 Rd2 30. Nc5 Bc2 31. Raa7 Bg6 32. Rdb7 g4 33. Ra1 Rb2 34. Nd7 Kh8 35. Ne5 Re2 36. Nxg6+ hxg6 37. Raa7 R8e6 38. Rh7+ Kg8 39. Rag7+ Kf8 40. Rb7 Re7 41. Rhxe7 Rxe7 42. Rxb4 Re4 43. Kg2 Re2 44. Rb7 Rd2 45. Rc7 Rxd4 46. Rxc6 Kf7 47. h3 gxh3+ 48. Kxh3 g5 49. f3 Kg7 1/2-1/2

[Event "Washington Challengers Cup Playoff KO"]
[Site "Tacoma"]
[Date "2007.12.30"]
[Round "1"]
[White "Greninger, Harley"]
[Black "Do, Nhon"]
[Result "1-0"]
[WhiteElo "2213"]
[BlackElo "2082"]
[PlyCount "58"]
[EventDate "2007.12.30"]
[EventType "k.o. (rapid)"]
[EventRounds "2"]
[EventCountry "USA"]
[SourceTitle "EXT 2017"]
[Source "ChessBase"]
[SourceDate "2016.10.25"]
[SourceVersion "1"]
[SourceVersionDate "2016.10.25"]
[SourceQuality "1"]

1. d4 Nf6 2. Nf3 d6 3. Bf4 g6 4. Nbd2 Bg7 5. e4 0-0 6. h3 c5 7. c3 cxd4 8. cxd4 Qa5 9. Bd3 Nc6 10. 0-0 Bd7 11. a3 Nh5 12. Be3 e5 13. b4 Qd8 14. Nb3 Qe7 15. dxe5 Nxe5 16. Nxe5 Bxe5 17. Rc1 Qh4 18. Qd2 Nf4 19. g3 Nxh3+ 20. Kg2 Qh5 21. Rh1 Bg4 22. Be2 Bxe2 23. Rxh3 Bf3+ 24. Kh2 Qg4 25. Bf4 Bxf4 26. Qxf4 Qxf4 27. gxf4 Bxe4 28. Re3 Bc6 29. Na5 Rfe8 1-0

[Event "Washington Class-ch Master"]
[Site "Seattle"]
[Date "2007.11.25"]
[Round "5"]
[White "Bartron, Paul"]
[Black "Do, Nhon"]
[Result "1-0"]
[WhiteElo "2065"]
[BlackElo "2055"]
[PlyCount "101"]
[EventDate "2007.11.23"]
[EventType "swiss"]
[EventRounds "6"]
[EventCountry "USA"]
[SourceTitle "EXT 2017"]
[Source "ChessBase"]
[SourceDate "2016.10.25"]
[SourceVersion "1"]
[SourceVersionDate "2016.10.25"]
[SourceQuality "1"]

1. e4 d6 2. d4 Nf6 3. Nc3 g6 4. f4 Bg7 5. Bc4 Nxe4 6. Bxf7+ Kxf7 7. Nxe4 Re8 8. Nf3 Kg8 9. c3 Be6 10. 0-0 h6 11. Nh4 Nd7 12. d5 Bf7 13. f5 g5 14. Ng6 Nf6 15. Nxf6+ exf6 16. h4 Re4 17. Qd3 Qe8 18. h5 c6 19. Bd2 cxd5 20. Rae1 Rc8 21. Re3 Bxg6 22. Qxd5+ Bf7 23. Qxe4 Qb5 24. b3 Qb6 25. Qd4 Qxd4 26. cxd4 Rc2 27. Bb4 Bf8 28. Rf2 Rc1+ 29. Kh2 Bxh5 30. Re6 Bf7 31. Ree2 a5 32. Ba3 Rd1 33. Rd2 Re1 34. Rc2 Re4 35. Rc8 Rxd4 36. Rfc2 Kg7 37. Bb2 Rf4 38. R2c7 Rxf5 39. Rd8 Kg8 40. Rcc8 Rf2 41. Rxf8+ Kg7 42. Bd4 Rf4 43. Bc3 g4 44. Kg3 Rf5 45. Rfd8 Be6 46. Rc7+ Kg6 47. Re8 Bd5 48. Ree7 Kh5 49. Bd2 Bg8 50. Rg7 Rd5 51. Be3 1-0

[Event "Washington Class-ch Expert"]
[Site "Seattle"]
[Date "2007.11.24"]
[Round "4"]
[White "Do, Nhon"]
[Black "May, Andy P"]
[Result "1/2-1/2"]
[WhiteElo "2055"]
[BlackElo "2104"]
[PlyCount "32"]
[EventDate "2007.11.23"]
[EventType "swiss"]
[EventRounds "6"]
[EventCountry "USA"]
[SourceTitle "EXT 2017"]
[Source "ChessBase"]
[SourceDate "2016.10.25"]
[SourceVersion "1"]
[SourceVersionDate "2016.10.25"]
[SourceQuality "1"]

1. Nf3 Nf6 2. c4 g6 3. Nc3 Bg7 4. g3 0-0 5. Bg2 d6 6. 0-0 e5 7. d4 Nc6 8. d5 Ne7 9. e4 Ne8 10. Qc2 h6 11. Be3 f5 12. Rae1 g5 13. exf5 Nxf5 14. Nd2 Nf6 15. Nde4 Qe8 16. Nxf6+ Bxf6 1/2-1/2